000 00494ntaaa2200181 4500
003 01
005 20251027201428.0
008 0714s1973 ag 01
040 _aAR-BaBN
_bspa
_cAR-BaBN
_eaacr
_dRIC
082 _a270.7800 N51
100 _aNichols, James Hastings
_912857
245 _aHistory of Christianity, 1650-1950.
250 _a1 ed. :
_bThe Ronald Press Company,
_cc1956
300 _a493 p.
500 _a"secularization of the west"
650 _aHistoria EclesiƔstica
942 _cBK
999 _c8803
_d8803